00768nam a2200157 a 4500003000200000005001700002008004100019050002900060100003100089245023600120260009000356300004000446504004100486650004400527650003900571020250522100716.0030519s19uu xx 00 eng d aPHS LB 2831.9b.A48 2003 aAlvarez, Warren Timothy S. aProfiles of the high school teachers of Las Piñas High School-CAA Annex in the implementation of the Department of Education's basic education curriculum during the pilot year (School Year 2002-2003) /cWarren Timothy S. Alvarez. aLas Piñas City, Philippines :bSouthville International School and Colleges,c2003. a30 pages :billustrations ;c28 cm. aIncludes bibliographical references. aCurriculum implementationzPhilippines. aEducationxCurriculazPhilippines.